Loading...
| History - European | 0 | 4 | 0 | 2 | 40 | 18 | 43.50 | 0 | 3 | 0.00 | 0.00 |
| Social Science | 0 | 2 | 0 | 0 | 20 | 39 | 40.50 | 2 | 2 | 0.00 | 0.00 |
| Science - Biology | 0 | 3 | 2 | 1 | 20 | 25 | 56.33 | 1 | 1 | 0.00 | 0.00 |
| Mythology | 0 | 1 | 0 | 0 | 10 | 63 | 63.00 | 0 | 0 | 0.00 | 0.00 |
| History - American | 0 | 1 | 0 | 0 | 10 | 52 | 52.00 | 0 | 0 | 0.00 | 0.00 |
| Painting/Sculpture | 0 | 1 | 0 | 0 | 10 | 49 | 49.00 | 0 | 1 | 0.00 | 0.00 |
| Science - Chemistry | 0 | 1 | 1 | 0 | 5 | 32 | 32.00 | 0 | 1 | 0.00 | 0.00 |
| Science - Other | 0 | 1 | 1 | 0 | 5 | 44 | 44.00 | 0 | 0 | 0.00 | 0.00 |
| History - Other | 0 | 1 | 1 | 0 | 5 | 86 | 86.00 | 0 | 1 | 0.00 | 0.00 |
| Current Events | 0 | 0 | 1 | 0 | -5 | 0.00 | 0 | 0 | 0.00 | 0.00 | |
| Fine Arts - Other | 0 | 0 | 1 | 0 | -5 | 0.00 | 0 | 0 | 0.00 | 0.00 | |
| Geography | 0 | 0 | 1 | 0 | -5 | 0.00 | 0 | 0 | 0.00 | 0.00 |